| 000 | 00497nam a2200145 i 4500 | ||
|---|---|---|---|
| 001 | 56002 | ||
| 003 | ES-MaACL | ||
| 007 | t| | ||
| 008 | 031001s1929 sp ||||1| spa d | ||
| 100 | 1 |
_aDíaz del Moral, Juan. _944259 |
|
| 245 | 1 | 0 |
_aHistoria de las agitaciones campesinas andaluzas _b: Córdoba (antecedentes para una reforma agraria) / _cpor J. Díaz del Moral. |
| 260 |
_aMadrid : _b[s.n.], _c1929 ( _fGráfica Universal) |
||
| 300 |
_aL, 584 p. ; _c22 cm. |
||
| 852 |
_aES-MaACL _jB-634 _bR.8316 |
||
| 999 |
_c56002 _d56002 |
||